Geography Quiz

Random Geography or City Quiz

US Cities by Region: Midwest Quiz Stats

 Plays Quiz Updated Jul 19, 2016

Challenge
Share
Tweet
Embed
Score 0/24 Timer 08:00
1 Play Today
Rank City % Correct
3Chicago, Illinois
98.7%
12Indianapolis, Indiana
91.7%
18Detroit, Michigan
91.1%
58St. Louis, Missouri
90.2%
37Kansas City, Missouri
89.8%
48Minneapolis, Minnesota
89.1%
45Cleveland, Ohio
88.4%
67St. Paul, Minnesota
85.3%
15Columbus, Ohio
84.3%
62Cincinnati, Ohio
84%
28Milwaukee, Wisconsin
83.1%
105Des Moines, Iowa
79.3%
Rank City % Correct
82Madison, Wisconsin
76.1%
42Omaha, Nebraska
71.8%
146Springfield, Missouri
70.4%
72Lincoln, Nebraska
66.8%
66Toledo, Ohio
56.7%
109Akron, Ohio
53.5%
49Wichita, Kansas
49.3%
123Grand Rapids, Michigan
48%
74Fort Wayne, Indiana
44.7%
153Sioux Falls, South Dakota
36.1%
112Aurora, Illinois
32.6%
135Overland Park, Kansas
17%

You're not logged in!

Compare scores with friends on all Sporcle quizzes.
Join for Free
OR
Log In

You Might Also Like...

Show Comments

Extras

Top Quizzes Today


Score Distribution

Your Account Isn't Verified!

In order to create a playlist on Sporcle, you need to verify the email address you used during registration. Go to your Sporcle Settings to finish the process.

Report this User

Report this user for behavior that violates our Community Guidelines.

Details: